000
00310 a2200133 4500
005
20250627113744.0
020
_a
0-07-145511-6
082
_a
339 SWA
100
_a
SWANENBERG, A
245
_a
Macroeconomics
260
_a
New York,
_b
McGraw Hill,
_c
2005
300
_a
xxix, 313p.;
_b
Index
_c
23cm
942
_2
ddc
_c
BKS
999
_c
5601
_d
5601